| 000 | 00839cam a2200253 i 4500 | ||
|---|---|---|---|
| 020 | _a9784924971370 | ||
| 020 | _a4924971375 | ||
| 040 | _cLWU | ||
| 041 | 1 | _hjpn | |
| 082 | _a181 WAK 2014 A002 Or. | ||
| 100 | 1 | _aWakamatsu, Eisuke, | |
| 245 | 1 | 0 |
_aToshihiko Izutsu and the philosophy of word : _bin search of the spiritual orient / |
| 250 | _a1st English ed. | ||
| 300 |
_axxv, 457 pages : _billustrations ; _c24 cm. |
||
| 490 | 1 | _aLTCB international library selection ; | |
| 500 | _a"LTCB International Library Trust/International House of Japan." | ||
| 500 | _aTranslation of: Izutsu Toshihiko : eichi no tetsugaku. | ||
| 650 | 0 | _aPhilosophy, Asian | |
| 650 | 7 | _aPhilosophy, Asian. | |
| 700 | 1 | _aHoff, Jean, | |
| 710 | 2 | _aLTCB International Library Trust. | |
| 710 | 2 | _aKokusai Bunka Kaikan (Tokyo, Japan) | |
| 942 | _cEK | ||
| 999 |
_c16215 _d16215 |
||